000 00569nam a2200193 i 4500
001 47950
003 ES-MaACL
005 20250809030823.0
007 t|
008 950206s1877 fr ||||1| fre d
040 _aCAM
_bspa
_cCCPB | PA2
100 1 _aCourcy, Alfred Poitier de.
_941270
245 1 0 _aQuestions de droit maritime /
_cpar Alfred de Courcy.
260 _aParis :
_b[s.n.],
_c1877 (
_fVes. Renou, Maulde et Cock)
300 _a4 v. ;
_c23 cm.
650 0 7 _aDerecho marĂ­timo
_2embne
_911730
852 _aES-MaACL
_jF-7833-36
999 _c47950
_d47950